Il fotografo dei faraoni : Antonio Beato in Egitto 1860-1905 /
Saved in:
Other Authors:
Format: Book
Language:
Italian
English
Series:
Obiettivi sul Passato ;
1.
Subjects:
Tags: Add Tag
No Tags, Be the first to tag this record!
Call Number: DT58.9 .F68 2008
| LEADER | 01361namaa2200325 4500 | ||
|---|---|---|---|
| 001 | 13416 | ||
| 003 | OSt | ||
| 005 | 20260503054844.0 | ||
| 008 | 130303s2008 it a bc 000 0 ita d | ||
| 010 | |a 2008362158 | ||
| 020 | |a 9788883426919 | ||
| 040 | |c ARCE Library | ||
| 041 | 0 | |a ita |a eng | |
| 043 | |a f-ua--- | ||
| 050 | 4 | |a DT58.9 .F68 2008 | |
| 245 | 0 | 0 | |a Il fotografo dei faraoni : |b Antonio Beato in Egitto 1860-1905 / |c a cura di Antonio Ferri ; testi di Claudio Busi e Patrizia Piacentini ; con un contributo di Italo Zannier ; schede e catalogo delle fotografie di Laura Marucchi ; fotografie tratte dagli archivi dell'Associazione culturale Bolognamondo e dagli archivi di egittologia dell'Università degli studi di Milano. |
| 264 | 1 | |a Bologna : |b Pendragon, |c c2008. | |
| 300 | |a 183 pages : |b color illustrations ; |c 30 cm. | ||
| 490 | 1 | |a Obiettivi sul Passato ; |v 1. | |
| 500 | |a Catalog of an itinerant exhibition held in 2008. | ||
| 504 | |a Includes bibliographical references. | ||
| 546 | |a Text in Italian and English. | ||
| 600 | 1 | 0 | |a Beato, Antonio, |d -1903? |v Exhibitions. |9 26452 |
| 650 | 0 | |a Photography in archaeology |v Exhibitions. | |
| 651 | 0 | |a Egypt |x Antiquities |v Pictorial works |v Exhibitions. | |
| 700 | 1 | |a Ferri, Antonio. |9 29971 | |
| 830 | 0 | |a Obiettivi sul Passato ; |v 1. | |
| 901 | |a reviewed | ||
| 942 | |c BK |2 lcc | ||
| 999 | |c 13311 |d 13311 | ||
